Acoso escolar y ciberbullying: tutela civil y penal

Detalles Bibliográficos
Autor principal: Guilabert Vidal, Mara̕ Remedios
Formato: eBook
Lenguaje:español
Publicado: Madrid: Dykinson, 2019
Materias:
Acceso en línea:Acceso restringido

MARC

LEADER 00000nam a22000007a 4500
005 20200521223232.0
007 cr|||| ||||
008 200521s2019 es |||||s|||| 00||0 spa d
020 |a 978-84-1324-485-3 
035 |a 31413 
040 |a vLex 
090 |c 10369  |d 10369 
100 1 |a Guilabert Vidal, Mara̕ Remedios 
245 1 0 |a Acoso escolar y ciberbullying: tutela civil y penal  |h [Recurso electrn̤ico] /  |c Mara̕ Remedios Guilabert Vidal 
256 |a Servicio en ln̕ea 
260 |a Madrid:  |b Dykinson,  |c 2019 
300 |a 1 recurso electrn̤ico 
506 1 |a Disponible solo en los productos indicados  |d vLex Global  |d vLex Global (Academic Edition, excluding Law Schools)  |d vLex Global (U.S. Academic Edition, Law Schools)  |d vLex Global (U.S. Academic Edition, excluding Law Schools)  |d vLex Global (Academic Edition, Law Schools) 
650 0 4 |a Derecho Civil  |z Espaą 
650 0 4 |a Derecho Penal  |z Espaą 
740 0 |a vLex Libros (Servicio en ln̕ea) 
856 4 0 |u http://vlex.com/source/acoso-escolar-ciberbullying-tutela-civil-penal-31413  |z Acceso restringido 
942 |c BOOK 
999 0 |a Civil Law 
999 0 |a Criminal Law